[Event "Marseille op 4th"]
[Site "Marseille"]
[Date "2011.12.26"]
[Round "2"]
[White "Giua, Frederic"]
[Black "Noireaut, Hung"]
[Result "1-0"]
[WhiteElo "2187"]
[BlackElo "1875"]
[PlyCount "133"]
[EventDate "2011.12.26"]
[EventType "swiss"]
[EventRounds "9"]
[EventCountry "FRA"]
[SourceTitle "CBM 146 Extra"]
[Source "ChessBase"]
[SourceDate "2012.02.29"]
[SourceVersion "1"]
[SourceVersionDate "2012.02.29"]
[SourceQuality "1"]

1. d4 d5 2. c4 e6 3. Nf3 c6 4. e3 Nf6 5. b3 Nbd7 6. Bd3 Be7 7. 0-0 0-0 8. Bb2 c5 9. Nc3 dxc4 10. bxc4 b6 11. d5 exd5 12. cxd5 Bb7 13. e4 Bd6 14. Nb5 Bb8 15. a4 Ng4 16. h3 Nge5 17. Bc2 f5 18. exf5 Nc4 19. Bc3 a6 20. Na3 Nd6 21. Qe2 Kh8 22. Rfe1 Bxd5 23. Rad1 Bc6 24. Ne5 Nxe5 25. Bxe5 Qg5 26. f4 Qh6 27. Qg4 Bd7 28. Qf3 Ra7 29. g4 Nf7 30. Bxb8 Rxb8 31. Nc4 Qc6 32. Qxc6 Bxc6 33. Re6 Rc7 34. Ne5 Be8 35. Kf2 Kg8 36. Rb1 b5 37. Rxa6 Rd8 38. Ke3 bxa4 39. Bxa4 Re7 40. Bb3 Kf8 41. Re6 Rb7 42. Bc2 Ra7 43. h4 Ra4 44. Rb3 Ra1 45. Be4 Re1+ 46. Kf3 Nxe5+ 47. fxe5 Bf7 48. Rc3 Bxe6 49. fxe6 Ke7 50. Rxc5 Kxe6 51. Bf5+ Kf7 52. Bxh7 Re8 53. Kf4 Rf1+ 54. Kg5 Rd8 55. Bf5 Re1 56. Rc7+ Kf8 57. e6 Re8 58. Rc6 Re2 59. Kg6 Re1 60. Kh7 g5 61. h5 Ke7 62. Kg7 Rh1 63. Rc7+ Kd6 64. Rf7 Ke5 65. Kg6 Kf4 66. e7 Ke5 67. Bd7 1-0

[Event "NATO-ch 22nd"]
[Site "Kaunas"]
[Date "2011.08.12"]
[Round "7"]
[White "Papista, Akos"]
[Black "Giua, Frederic"]
[Result "1/2-1/2"]
[WhiteElo "2158"]
[BlackElo "2235"]
[PlyCount "33"]
[EventDate "2011.08.08"]
[EventType "swiss"]
[EventRounds "7"]
[EventCountry "LTU"]
[SourceTitle "CBM 143 Extra"]
[Source "ChessBase"]
[SourceDate "2011.08.29"]
[SourceVersion "1"]
[SourceVersionDate "2011.08.29"]
[SourceQuality "1"]

1. e4 c5 2. Nf3 d6 3. d4 cxd4 4. Nxd4 Nf6 5. Nc3 a6 6. f4 e6 7. a4 Qc7 8. Be2 Nbd7 9. 0-0 Be7 10. f5 e5 11. Nb3 b6 12. Be3 Bb7 13. Qd3 Rc8 14. Rfc1 Qb8 15. Bf3 Rc7 16. Nd2 Nc5 17. Qe2 1/2-1/2

[Event "Avoine op 26th"]
[Site "Avoine"]
[Date "2011.07.29"]
[Round "7"]
[White "Algaba, Pedro"]
[Black "Giua, Frederic"]
[Result "0-1"]
[WhiteElo "1889"]
[BlackElo "2235"]
[PlyCount "64"]
[EventDate "2011.07.23"]
[EventType "swiss"]
[EventRounds "9"]
[EventCountry "FRA"]
[SourceTitle "EXT 2012"]
[Source "ChessBase"]
[SourceDate "2011.11.24"]
[SourceVersion "1"]
[SourceVersionDate "2011.11.24"]
[SourceQuality "1"]

1. e4 c5 2. Nf3 e6 3. Nc3 a6 4. d4 cxd4 5. Nxd4 b5 6. a3 Bb7 7. Be3 Qc7 8. Qd2 Nf6 9. f3 d5 10. exd5 Nxd5 11. Nxd5 Bxd5 12. Bd3 Be7 13. 0-0 Nd7 14. Rae1 0-0 15. c3 Bd6 16. g3 Qb7 17. Qg2 Rac8 18. Qh3 g6 19. Bh6 Rfe8 20. Be4 Bc5 21. Be3 Ne5 22. Bxd5 Qxd5 23. Qg2 Nc4 24. Nc2 Nxb2 25. Bxc5 Qxc5+ 26. Kh1 Qxc3 27. Nb4 a5 28. Na2 Qxa3 29. Ra1 Nc4 30. Rf2 Red8 31. Qf1 Qd3 32. Qe1 b4 0-1

[Event "NATO-ch 21st"]
[Site "Koge"]
[Date "2010.10.19"]
[Round "2"]
[White "Geerts, Luc"]
[Black "Giua, Frederic"]
[Result "0-1"]
[WhiteElo "1514"]
[BlackElo "2241"]
[PlyCount "60"]
[EventDate "2010.10.18"]
[EventType "swiss"]
[EventRounds "7"]
[EventCountry "DEN"]
[SourceTitle "EXT 2011"]
[Source "ChessBase"]
[SourceDate "2010.11.26"]
[SourceVersion "1"]
[SourceVersionDate "2010.11.26"]
[SourceQuality "1"]

1. d4 d5 2. Nf3 Nf6 3. c4 e6 4. Nc3 c6 5. Bg5 Be7 6. e3 Nbd7 7. cxd5 exd5 8. Bd3 0-0 9. 0-0 Re8 10. Qc2 Nf8 11. a3 g6 12. Rac1 Ne6 13. Bh4 Ng7 14. Ne5 Bf5 15. Bg5 Bxd3 16. Qxd3 Nf5 17. g4 Nxg4 18. Bxe7 Nxe5 19. dxe5 Qxe7 20. f4 f6 21. e4 dxe4 22. Qc4+ Kh8 23. Nxe4 fxe5 24. Ng5 exf4 25. Qc3+ Kg8 26. Nxh7 Kxh7 27. Qh3+ Qh4 28. Qxh4+ Nxh4 29. Rxf4 Nf5 30. Rd1 Rad8 0-1

[Event "IECC CL2-2010.04 email"]
[Site "IECC email"]
[Date "2010.08.30"]
[Round "?"]
[White "Agulnick, Michael"]
[Black "Giua, Frederic"]
[Result "1/2-1/2"]
[WhiteElo "2069"]
[BlackElo "2145"]
[PlyCount "57"]
[EventDate "2010.??.??"]
[EventType "tourn (corr)"]
[EventRounds "4"]
[SourceTitle "Telechess CBM 149"]
[Source "ChessBase"]
[SourceDate "2012.07.17"]
[SourceVersion "1"]
[SourceVersionDate "2012.07.17"]
[SourceQuality "1"]
[WhiteTeam "US of America"]
[BlackTeam "France"]
[WhiteTeamCountry "USA"]
[BlackTeamCountry "FRA"]

1. d4 Nf6 2. c4 g6 3. Nc3 Bg7 4. e4 d6 5. Nf3 0-0 6. Be2 e5 7. 0-0 Nc6 8. d5 Ne7 9. b4 Nh5 10. Re1 f5 11. Ng5 Nf6 12. f3 Kh8 13. Qb3 h6 14. Ne6 Bxe6 15. dxe6 fxe4 16. fxe4 Nc6 17. Nd5 Nxe4 18. Qd3 Nf2 19. Qxg6 Ne7 20. Nxe7 Rf6 21. Be3 Qxe7 22. Qc2 e4 23. Bxf2 Rxf2 24. Qxe4 Raf8 25. Rad1 Be5 26. Bd3 R2f4 27. Qxb7 Rh4 28. Rxe5 dxe5 29. Rf1 1/2-1/2

[Event "IECC CL2-2010.04 email"]
[Site "IECC email"]
[Date "2010.08.30"]
[Round "?"]
[White "Giua, Frederic"]
[Black "Teixeira, Ricardo da Silva"]
[Result "1-0"]
[WhiteElo "2142"]
[BlackElo "2142"]
[PlyCount "37"]
[EventDate "2010.??.??"]
[EventType "tourn (corr)"]
[EventRounds "4"]
[SourceTitle "Corr 2013"]
[Source "ChessBase"]
[SourceDate "2012.11.12"]
[SourceVersion "1"]
[SourceVersionDate "2012.11.12"]
[SourceQuality "1"]
[WhiteTeam "France"]
[BlackTeam "Germany"]
[WhiteTeamCountry "FRA"]
[BlackTeamCountry "GER"]

1. Nf3 Nf6 2. c4 e6 3. Nc3 Bb4 4. g4 h6 5. Rg1 Nc6 6. h4 d6 7. g5 hxg5 8. hxg5 Nd7 9. Qc2 Nde5 10. Nxe5 dxe5 11. d3 Bd7 12. e3 Rh5 13. Bd2 Rxg5 14. Rh1 Bf8 15. a3 Rg4 16. Qb3 b6 17. Qd1 Qg5 18. Ne4 Qg6 19. Bc3 1-0

[Event "Avoine op 25th"]
[Site "Avoine"]
[Date "2010.07.20"]
[Round "4"]
[White "Giua, Frederic"]
[Black "Purenne, Benoit"]
[Result "1-0"]
[WhiteElo "2241"]
[BlackElo "1896"]
[PlyCount "103"]
[EventDate "2010.07.17"]
[EventType "swiss"]
[EventRounds "9"]
[EventCountry "FRA"]
[SourceTitle "EXT 2011"]
[Source "ChessBase"]
[SourceDate "2010.11.26"]
[SourceVersion "1"]
[SourceVersionDate "2010.11.26"]
[SourceQuality "1"]

1. Nf3 Nf6 2. c4 e6 3. b3 d5 4. e3 c5 5. Bb2 Nbd7 6. Be2 Bd6 7. cxd5 exd5 8. 0-0 0-0 9. d4 Qe7 10. Nc3 cxd4 11. Qxd4 Nb6 12. Nb5 Bc5 13. Qh4 Bf5 14. Bxf6 Qxf6 15. Qxf6 gxf6 16. Rfd1 a6 17. Nbd4 Be4 18. a3 Rac8 19. Nh4 Bxd4 20. Rxd4 a5 21. Bd3 Bg6 22. Nf5 Rc3 23. Ne7+ Kh8 24. Bxg6 fxg6 25. b4 Ra8 26. g3 Rc4 27. Nxd5 Rxd4 28. Nxb6 Rdd8 29. Nxa8 Rxa8 30. b5 Rc8 31. Rd1 Rc3 32. a4 Rc7 33. Rd4 Kg7 34. Kg2 Kf7 35. g4 Ke7 36. h4 b6 37. g5 f5 38. Kg3 Rc1 39. Kf3 Rc3 40. h5 Rc1 41. hxg6 hxg6 42. Rh4 Ra1 43. Rh7+ Ke6 44. Rg7 Rxa4 45. Rxg6+ Ke5 46. Rxb6 Rb4 47. g6 Rg4 48. Ra6 a4 49. Ke2 a3 50. Rxa3 Rxg6 51. Rb3 Rb6 52. Rb4 1-0

[Event "NATO-ch 20th"]
[Site "Hammelburg"]
[Date "2009.06.17"]
[Round "4"]
[White "Pedersen, Lars Erik"]
[Black "Giua, Frederic"]
[Result "0-1"]
[WhiteElo "2049"]
[BlackElo "2223"]
[PlyCount "78"]
[EventDate "2009.06.15"]
[EventType "swiss"]
[EventRounds "7"]
[EventCountry "GER"]
[SourceTitle "CBM 130 Extra"]
[Source "ChessBase"]
[SourceDate "2009.07.02"]
[SourceVersion "2"]
[SourceVersionDate "2009.07.15"]
[SourceQuality "1"]

1. e4 c5 2. Nc3 a6 3. g3 b5 4. Bg2 Bb7 5. Nge2 Nf6 6. d3 e6 7. 0-0 d5 8. exd5 Nxd5 9. Ne4 Nc6 10. Bg5 Qd7 11. a4 h6 12. axb5 axb5 13. Rxa8+ Bxa8 14. Bc1 b4 15. d4 c4 16. Nd2 Na5 17. Nf3 Bd6 18. Ne5 Bxe5 19. dxe5 0-0 20. Nf4 Qc7 21. Nh5 Qxe5 22. Re1 Qf5 23. Be4 Qh3 24. Nf4 Nxf4 25. Bxf4 Bxe4 26. Rxe4 Nc6 27. Rxc4 e5 28. Be3 Rd8 29. Qe1 Qe6 30. Qf1 e4 31. Bb6 Rd5 32. b3 Ne5 33. Kg2 Qxb6 34. Rxe4 Qc6 35. Qe1 Rd4 36. f3 Rxe4 37. fxe4 Qxc2+ 38. Kh3 Qd3 39. Qxb4 Ng6 0-1

[Event "NATO-ch 18th"]
[Site "Ankara"]
[Date "2007.09.05"]
[Round "5"]
[White "Giua, Frederic"]
[Black "Lillevold, Frode"]
[Result "1/2-1/2"]
[WhiteElo "2204"]
[BlackElo "2092"]
[PlyCount "29"]
[EventDate "2007.09.01"]
[EventType "swiss"]
[EventRounds "7"]
[EventCountry "TUR"]
[SourceTitle "EXT 2008"]
[Source "ChessBase"]
[SourceDate "2007.11.25"]
[SourceVersion "1"]
[SourceVersionDate "2007.11.25"]
[SourceQuality "1"]
[WhiteTeam "France"]
[BlackTeam "Norway"]
[WhiteTeamCountry "FRA"]
[BlackTeamCountry "NOR"]

1. Nf3 d5 2. c4 e6 3. d4 Nf6 4. Nc3 Be7 5. Bf4 dxc4 6. e4 Bb4 7. Bg5 c5 8. Bxf6 Qxf6 9. Bxc4 cxd4 10. Qxd4 Qxd4 11. Nxd4 a6 12. a3 Bxc3+ 13. bxc3 b5 14. Bd3 Nd7 15. 0-0 1/2-1/2

[Event "NATO-ch 18th"]
[Site "Ankara"]
[Date "2007.09.04"]
[Round "4"]
[White "Carrascoso Morales, Abel"]
[Black "Giua, Frederic"]
[Result "1-0"]
[WhiteElo "2214"]
[BlackElo "2204"]
[PlyCount "75"]
[EventDate "2007.09.01"]
[EventType "swiss"]
[EventRounds "7"]
[EventCountry "TUR"]
[SourceTitle "EXT 2008"]
[Source "ChessBase"]
[SourceDate "2007.11.25"]
[SourceVersion "1"]
[SourceVersionDate "2007.11.25"]
[SourceQuality "1"]
[WhiteTeam "Spain"]
[BlackTeam "France"]
[WhiteTeamCountry "ESP"]
[BlackTeamCountry "FRA"]

1. e4 e6 2. Nf3 d5 3. e5 c5 4. b4 cxb4 5. d4 Qb6 6. a3 Bd7 7. axb4 Bb5 8. Bxb5+ Qxb5 9. c3 Nd7 10. Na3 Qc6 11. Qd3 a6 12. 0-0 b5 13. Bd2 Ne7 14. Ng5 h6 15. Nh7 g6 16. Nxf8 Kxf8 17. Nc2 Kg7 18. h4 Nb6 19. h5 Na4 20. Qf3 Ng8 21. Ne3 Nb6 22. Ng4 Nd7 23. Ra2 gxh5 24. Nh2 f5 25. Qxh5 Ne7 26. Rfa1 Ng6 27. Nf3 Qc8 28. g3 Ne7 29. Kg2 Nf8 30. Rh1 Ng8 31. Rh3 Ng6 32. Nh4 Qe8 33. g4 fxg4 34. Qxg4 Kh7 35. Nf3 Kg7 36. Rg3 N8e7 37. Qxe6 Rf8 38. Nh4 1-0

[Event "NATO-ch 18th"]
[Site "Ankara"]
[Date "2007.09.02"]
[Round "2"]
[White "Taffinder, Douglas"]
[Black "Giua, Frederic"]
[Result "1/2-1/2"]
[WhiteElo "2078"]
[BlackElo "2204"]
[PlyCount "108"]
[EventDate "2007.09.01"]
[EventType "swiss"]
[EventRounds "7"]
[EventCountry "TUR"]
[SourceTitle "EXT 2008"]
[Source "ChessBase"]
[SourceDate "2007.11.25"]
[SourceVersion "1"]
[SourceVersionDate "2007.11.25"]
[SourceQuality "1"]
[WhiteTeam "United States"]
[BlackTeam "France"]
[WhiteTeamCountry "USA"]
[BlackTeamCountry "FRA"]

1. e4 e6 2. d4 d5 3. Nc3 Nf6 4. Bg5 dxe4 5. Nxe4 Be7 6. Nxf6+ gxf6 7. Be3 Qd6 8. Qd2 a6 9. Nf3 Nd7 10. 0-0-0 b5 11. Kb1 Bb7 12. Be2 Bd5 13. Bf4 Qb6 14. Ne1 c5 15. dxc5 Nxc5 16. Bf3 Rd8 17. Bxd5 Rxd5 18. Qe2 Rxd1+ 19. Qxd1 e5 20. Be3 Qe6 21. Nd3 Nd7 22. Qd2 0-0 23. Qe2 f5 24. f3 Rc8 25. Rd1 Bf6 26. g3 a5 27. Bg1 b4 28. Nf4 exf4 29. Qxe6 fxe6 30. Rxd7 fxg3 31. hxg3 Rd8 32. Rxd8+ Bxd8 33. c4 bxc3 34. bxc3 Bc7 35. g4 fxg4 36. fxg4 Kf7 37. Be3 e5 38. Kb2 Ke6 39. c4 Kd6 40. Kb3 Kc6 41. Kc3 Bb6 42. Bxb6 Kxb6 43. Kd3 Kc5 44. Ke4 Kxc4 45. g5 a4 46. Kxe5 a3 47. Kf6 Kc3 48. Kg7 Kb2 49. Kxh7 Kxa2 50. g6 Kb1 51. g7 a2 52. g8Q a1Q 53. Qg1+ Ka2 54. Qxa1+ Kxa1 1/2-1/2

[Event "FRA-ch Accession"]
[Site "Aix les Bains"]
[Date "2007.08.16"]
[Round "3"]
[White "Riff, Jean Noel"]
[Black "Giua, Frederic"]
[Result "1/2-1/2"]
[WhiteElo "2460"]
[BlackElo "2204"]
[PlyCount "73"]
[EventDate "2007.08.13"]
[EventType "swiss"]
[EventRounds "11"]
[EventCountry "FRA"]
[SourceTitle "CBM 120 Extra"]
[Source "ChessBase"]
[SourceDate "2007.11.01"]
[SourceVersion "1"]
[SourceVersionDate "2007.11.01"]
[SourceQuality "1"]

1. e4 e6 2. d3 c5 3. Nf3 Nc6 4. g3 g6 5. Bg2 Bg7 6. c3 Nge7 7. 0-0 e5 8. a3 0-0 9. b4 d6 10. Nbd2 h6 11. Rb1 b6 12. d4 exd4 13. cxd4 Nxd4 14. Nxd4 Bxd4 15. Nb3 Bg7 16. Bf4 c4 17. Nd4 g5 18. Be3 d5 19. Qh5 Qd6 20. Rbd1 Qg6 21. Qxg6 Nxg6 22. exd5 Ne5 23. Nb5 Bg4 24. Rc1 Be2 25. Rfe1 Nf3+ 26. Bxf3 Bxf3 27. Rxc4 Bxd5 28. Rc7 a5 29. Nc3 Bxc3 30. Rxc3 axb4 31. axb4 b5 32. Rc5 Bc4 33. Rc6 f6 34. h4 Rac8 35. Ra6 Ra8 36. Rea1 Bd5 37. Rxa8 1/2-1/2

[Event "IECC CL1-2005.14 email"]
[Site "IECC email"]
[Date "2005.10.17"]
[Round "?"]
[White "Giua, Frederic"]
[Black "Vroom, Gerard"]
[Result "1-0"]
[WhiteElo "2215"]
[BlackElo "2202"]
[PlyCount "103"]
[EventDate "2005.??.??"]
[EventType "tourn (corr)"]
[EventRounds "4"]
[SourceTitle "Corr 2008"]
[Source "ChessBase"]
[SourceDate "2008.06.24"]
[SourceVersion "1"]
[SourceVersionDate "2008.06.24"]
[SourceQuality "1"]

1. e4 c5 2. Nf3 d6 3. d4 cxd4 4. Nxd4 Nf6 5. Nc3 a6 6. Be3 e6 7. g4 h6 8. f3 b5 9. Qd2 Nbd7 10. 0-0-0 Bb7 11. h4 b4 12. Na4 Qa5 13. b3 Nc5 14. a3 Nxa4 15. axb4 Qc7 16. bxa4 d5 17. e5 Nd7 18. f4 Nb6 19. Rh3 Nxa4 20. Bf2 Rc8 21. c4 dxc4 22. Qc2 Qd7 23. f5 exf5 24. gxf5 Nb6 25. e6 Qd6 26. exf7+ Kxf7 27. Ne6 Nd5 28. Bc5 Qe5 29. Bxc4 Bxc5 30. Nxc5 Rhd8 31. Nxb7 Qa1+ 32. Kd2 Qd4+ 33. Qd3 Qf4+ 34. Re3 Rxc4 35. Nxd8+ Kf6 36. Ne6 Qxe3+ 37. Qxe3 Nxe3 38. Kxe3 Rxb4 39. Nd4 g6 40. Ra1 Rb6 41. fxg6 Kxg6 42. Ra5 Kf7 43. Ke4 Ke7 44. Ke5 Kf7 45. h5 Ke7 46. Rd5 Kf7 47. Rd7+ Ke8 48. Rd6 Rxd6 49. Kxd6 Kf7 50. Ke5 Kg8 51. Kf6 Kh7 52. Nc6 1-0

[Event "IECC CL1-2005.14 email"]
[Site "IECC email"]
[Date "2005.10.17"]
[Round "?"]
[White "Le Duigou, Jean Guy"]
[Black "Giua, Frederic"]
[Result "0-1"]
[WhiteElo "2274"]
[BlackElo "2200"]
[PlyCount "70"]
[EventDate "2005.??.??"]
[EventType "tourn (corr)"]
[EventRounds "4"]
[SourceTitle "Corr 2008"]
[Source "ChessBase"]
[SourceDate "2008.06.24"]
[SourceVersion "1"]
[SourceVersionDate "2008.06.24"]
[SourceQuality "1"]

1. d4 Nf6 2. Nf3 g6 3. c4 Bg7 4. Nc3 0-0 5. e4 d6 6. Be2 e5 7. 0-0 Nc6 8. d5 Ne7 9. Nd2 a5 10. a3 Bd7 11. Rb1 a4 12. b4 axb3 13. Nxb3 b6 14. Ra1 Ne8 15. a4 f5 16. f3 Kh8 17. Be3 f4 18. Bf2 g5 19. a5 Rb8 20. axb6 cxb6 21. Nd2 h5 22. Ra3 Ng6 23. Nb5 Rg8 24. Ra7 Bf8 25. Kh1 Nf6 26. Qa4 g4 27. Ra1 g3 28. Bg1 gxh2 29. Bf2 h4 30. Kxh2 Nh5 31. Qd1 Ng3 32. Bf1 h3 33. gxh3 Nh4 34. Rc7 Rc8 35. Rxc8 Qxc8 0-1

[Event "FRA-ch Accession"]
[Site "Chartres"]
[Date "2005.??.??"]
[Round "1"]
[White "Giua, Frederic"]
[Black "Dourerassou, Jonathan"]
[Result "0-1"]
[WhiteElo "2209"]
[BlackElo "2358"]
[PlyCount "52"]
[EventDate "2005.08.15"]
[EventType "swiss"]
[EventRounds "10"]
[EventCountry "FRA"]
[SourceTitle "EXT 2006"]
[Source "ChessBase"]
[SourceDate "2005.11.24"]
[SourceVersion "1"]
[SourceVersionDate "2005.11.24"]
[SourceQuality "1"]

1. Nf3 Nf6 2. c4 c5 3. g3 d5 4. cxd5 Nxd5 5. Bg2 Nc6 6. Nc3 Nc7 7. 0-0 e5 8. d3 Be7 9. a3 0-0 10. Bd2 Rb8 11. Rb1 f6 12. Ne4 a5 13. Qc2 b6 14. Rfc1 Nd5 15. Nc3 Be6 16. Nb5 Rc8 17. Qa4 Qd7 18. Nc3 Rfe8 19. Be1 Bf8 20. Nd2 Nde7 21. Nc4 Rb8 22. Rd1 Bh3 23. e3 Bxg2 24. Kxg2 Qb7 25. Nb5 Nd4+ 26. e4 Qc6 0-1